000 00494cam a2200157 4500500
005 20251228074215.0
041 _afre
042 _adc
100 1 0 _aBaron, Anne-Marie
_eauthor
700 1 0 _aRomer, Jean-Claude
_eauthor
245 0 0 _aFilmographie de Balzac
260 _c2005.
500 _a37
786 0 _nL'Année balzacienne | 6 | 1 | 2005-06-01 | p. 395-409 | 0084-6473
856 4 1 _uhttps://shs.cairn.info/revue-l-annee-balzacienne-2005-1-page-395?lang=fr&redirect-ssocas=7080
999 _c1597151
_d1597151